| 000 | 01537nad a2200409 a 4500 | ||
|---|---|---|---|
| 001 | MIU01000000000000007432755 | ||
| 003 | MiU | ||
| 005 | 20231010141331.0 | ||
| 007 | cr mnummmmuuuu | ||
| 008 | 000403s1999 enkg sb 001 0deng d | ||
| 010 | _z98045826 | ||
| 020 | _z0521591368 | ||
| 020 | _z0521598591 | ||
| 024 | 7 |
_a2027/heb07646 _2hdl |
|
| 040 |
_aMiU _cMiU |
||
| 090 |
_aML410.B42 _b(INTERNET) |
||
| 100 | 1 |
_aJones, Timothy, _cDr. _944780 |
|
| 245 | 1 | 0 |
_aBeethoven, the Moonlight and other sonatas, op. 27 and op. 31 _h[electronic resource] / _cTimothy Jones. |
| 300 |
_axii, 146 p. : _bmusic ; _c23 cm. |
||
| 490 | 1 | _aCambridge music handbooks | |
| 504 | _aIncludes bibliographical references and index. | ||
| 600 | 1 | 0 |
_aBeethoven, Ludwig van, _d1770-1827. _tSonatas, _mpiano, _nno. 13-14, op. 27. _944781 |
| 600 | 1 | 0 |
_aBeethoven, Ludwig van, _d1770-1827. _tSonatas, _mpiano, _nno. 16-18, op. 31. _944782 |
| 650 | 0 |
_xAnalysis, appreciation. _944783 |
|
| 830 | 0 |
_aCambridge music handbooks. _944784 |
|
| 830 | 0 |
_aACLS Humanities E-Book. _944785 |
|
| 856 | 4 | 0 |
_zVolltext _uhttps://hdl.handle.net/2027/heb07646 |
| 942 | _cEB | ||
| 500 | _aE-Book-ACLS / Zugriff nur im DHI-Lesesaal | ||
| 653 | _aSonatas (Piano) | ||
| 336 |
_2rdacontent _btxt _aText |
||
| 337 |
_2rdamedia _bbc _aComputermedien |
||
| 338 |
_2rdacarrier _bcr _aOnline Ressource |
||
| 264 |
_aCambridge, UK ; _bCambridge University Press, _cc1999. |
||
| 041 | _aeng | ||
| 500 | _aAmerican Council of Learned Societies/ https://www.humanitiesebook.org/about/ | ||
| 999 |
_c66958 _d66958 |
||